Using the internet with windows '95

Bibliographic Details
Corporate Author: QUE Corporation
Format: Book
Published: Indianapolis : Que Corporation , 1996
Subjects:

MARC

LEADER 00000cam a2200000 7i4500
001 0000004361
005 19991212.0
020 |a ISBN 0789706466 
040 |a INS 
090 0 0 |a 004.67   |b USI 
245 0 0 |a Using the internet with windows '95 
260 |a Indianapolis :   |b Que Corporation ,   |c 1996 
300 |a 1296p. 
650 0 0 |a Internet (computer program) 
710 2 |a QUE Corporation 
999 |a 0000006246   |b BOOK   |c Open Shelf   |e Default branch